| Registos Bibliográficos associados ao registo de autoridade |
|
Etiqueta de registo: 00254nam 2200025 450 001 2281514 003 http://id.bnportugal.gov.pt/bib/catbnp/2281514 100 ## $a20260318d2025 k y0pory01030103ba 101 0# $apor$deng 102 ## $aPT 105 ## $aa m 000yy 106 ## $ar 200 1# $aPráticas profissionais no ensino técnico profissionalizante no Brasil$econtribuições formativas, desafios e limitações na perspectiva dos estudantes$fJosé Mário de Lima Freire$gorient. Carmen de Jesus Dores Cavaco 210 #9 $aLisboa$c[s.n.],$d2025 215 ## $a[16], 407 p.$cil.$d30 cm 328 #1 $aTese dout. Educação (Formação de Adultos), Instituto de Educação, Universidade de
Lisboa, 2025 675 ## $a377.35(81)(043)$vBN$zpor$31237768 700 #1 $aFreire,$bJosé Mário de Lima$31992292 702 #1 $aCavaco,$bCarmen,$f1970-$4727$3956440 801 #0 $aPT$bBN$gRPC 966 ## $lBN$mFGMON$sS.C. 168922 V.$x1 971 ## $cssilva$d20260318 973 ## $ctrodrigues$d20260415
|
|
|